| 000 | 00766nam a2200241 a 4500 | ||
|---|---|---|---|
| 001 | 21834 | ||
| 003 | CO-ViMGA | ||
| 008 | 141112s2004 ck r 000 u spa d | ||
| 020 | _a8466620613 | ||
| 040 |
_aCO-ViMGA _bspa _cCO-ViMGA |
||
| 082 | 0 | 4 | _a155.4 N168p |
| 100 | 1 |
_aNaouri, Aldo _931148 |
|
| 245 | 1 | 0 | _aPadres permisivos, hijos tiranos |
| 260 |
_aBarcelona : _bEdiciones B, _c2005 |
||
| 300 | _a33 | ||
| 490 | _aSine guia non | ||
| 590 | _aForma de adquisición : Donación fact. 8859 - - Precio : 38000 - - Proveedor : Fundación exito - - Fecha de adquisición : Julio 2007 | ||
| 650 | 1 | 4 |
_aeducación DE NIÑOS _912915 |
| 650 | 1 | 4 |
_aFAMILIA - ASPECTOS PSICOLOGICOS _924202 |
| 650 | 1 | 4 | _aNIÑOS PSICOLOGIA |
| 650 | 1 | 4 | _aPADRES E HIJOS |
| 942 |
_2ddc _cBK |
||
| 999 |
_c30383 _d30383 |
||